Cleopatra - قلوپطرہ (Record no. 534316)
[ view plain ]
| 000 -LEADER | |
|---|---|
| fixed length control field | 00323nam a22001217a 4500 |
| 040 ## - CATALOGING SOURCE | |
| Transcribing agency | MSOHAIL |
| 082 ## - DEWEY DECIMAL CLASSIFICATION NUMBER | |
| Classification number | 891.4393 |
| 100 ## - MAIN ENTRY--PERSONAL NAME | |
| Personal name | Tahir Mansoor Siddqui - طاہرمنصور صدیقی |
| 9 (RLIN) | 28461 |
| 245 ## - TITLE STATEMENT | |
| Title | Cleopatra - قلوپطرہ |
| 260 ## - PUBLICATION, DISTRIBUTION, ETC. | |
| Place of publication, distribution, etc. | Lahore |
| Name of publisher, distributor, etc. | Al-Hamd Publications |
| Date of publication, distribution, etc. | N.D. |
| 300 ## - PHYSICAL DESCRIPTION | |
| Extent | 270;p |
| 942 ## - ADDED ENTRY ELEMENTS (KOHA) | |
| Source of classification or shelving scheme | |
| Koha item type | Book |
| Withdrawn status | Lost status | Source of classification or shelving scheme | Damaged status | Not for loan | Permanent Location | Current Location | Date acquired | Total Checkouts | Full call number | Barcode | Date last seen | Date last checked out | Price effective from | Koha item type |
|---|---|---|---|---|---|---|---|---|---|---|---|---|---|---|
| School of Civil and Environmental Engineering (SCEE) | School of Civil and Environmental Engineering (SCEE) | 02/13/2020 | 1 | 891.4393 | NIT-9755 | 07/26/2022 | 07/05/2022 | 02/13/2020 | Book |
